000 00673nam a2200265 a 4500
001 32790
003 AR-BaAGN
005 20231116150036.0
007 ta
008 220625s1989 sp |||||r|||| ||||||spa d
020 _a84-7232-480-X
040 _dAR-BaAGN
_aAR-BaAGN
_bspa
_eaacr
245 0 0 _aRaúl Prebisch
250 _a1ª ed.
260 _aMadrid :
_bInstituto de Cooperación Iberoamericana,
_c1989.
300 _a163 páginas
336 _2rdacontent
_btxt
337 _2rdamedia
_bn
338 _2rdacarrier
_bnc
600 1 4 _aPrebisch, Raúl
650 4 _aECONOMÍA
_91656
700 1 _aAlburquerque, Francisco
_eedt
942 _cLIBRO
999 _c32790
_d32790